000 00680nam a2200205 a 4500
005 20140305095651.0
008 140305b1977 nyu||||| |||| 00| 0 eng d
041 _aeng
090 _aLB
_b02145
100 _aField, William D.
_915497
245 _aPierid butterflies of the genera Hypsochila ureta, Phulia herrich - schõffer, Infraphulia field, Pierphulia field, and Piercolias staudinger
260 _aNueva York
_bSmithsonian Institution Press
_c1977
300 _a64
650 _aLepidoptera
_94329
650 _aZoogeografía
_98576
650 _aHistoria natural
_93809
650 _aClaves taxonómicas
_93514
700 _aHerrera, José
_915498
942 _cCD-ROM
_2ddc
999 _c2322
_d2322